000 01008cam a22003257a 4500
003 CHAP
005 20220817041739.0
008 971013s1973 r 00010 d
010 _a23204
011 _a24176
035 _a28275
040 _cCHAP
082 _a080
_bS4 v.88
100 0 0 _aAzar, Héctor.
_99095
245 1 4 _aLos juegos de azar
_b: seis obras en un acto
260 _aMéxico, D.F. :
_bSecretaría de Educación Pública,
_c1973
300 _a159 p
490 0 _aSEP. Setentas
_v; 88
590 _aBATCH-UPD
_b10
_c20130110
_lUCH01
_h0124
590 _aBATCH-UPD
_b10
_c20130110
_lUCH01
_h1657
590 _aBATCH-UPD
_b10
_c20130409
_lUCH01
_h2119
590 _aBATCH-UPD
_b10
_c20130410
_lUCH01
_h1046
590 _aBATCH-UPD
_b10
_c20130914
_lUCH01
_h0507
590 _aCONVERSION
_b10
_c20130109
_lUCH01
_h1314
650 1 4 _aTeatro
_xMéxico.
_9111861
830 0 _aSEP. Setentas
_v; 88
901 _aBK
942 _cLIBRO
949 _a080 S4 v.88
_bBC
_cLIBRO
_d-65156
_eLIBRO
_h29370
_i28275
_si
999 _c23204
_d23204